The accountability deficit in Latin America /
Uloženo v:
| Hlavní autor: | |
|---|---|
| Další autoři: | , |
| Médium: | Text |
| Tagy: |
Přidat tag
Žádné tagy, Buďte první, kdo vytvoří štítek k tomuto záznamu!
|
MARC
| LEADER | 00000 a a2200000 04500 | ||
|---|---|---|---|
| 001 | 43383 | ||
| 003 | |||
| 040 | |||
| 100 | |a Soberg Shugart, Matthew | ||
| 245 | |a The accountability deficit in Latin America / |c Matthew Soberg Shugart; Erika Moreno y Brian F. Crisp | ||
| 700 | |a Moreno, Erika | ||
| 700 | |a Crisp, Brian F. | ||
| 773 | |g páginas 92-154 | ||
| 999 | |c 38873 |d 38873 | ||
